Sza Discography - Statistics

General Stats
  • This quiz has been taken 87 times
  • The average score is 15 of 24
Answer Stats
Hint Answer % Correct
Ctrl Drew Barrymore
86%
Ctrl Love Galore
82%
Ctrl Broken Clocks
81%
Ctrl Supermodel
81%
Ctrl 20 Something
80%
Ctrl Doves In The Wind
80%
Ctrl The Weekend
80%
Ctrl Normal Girl
77%
Ctrl Go Gina
73%
Ctrl Prom
70%
Ctrl Pretty Little Birds
68%
Ctrl Garden (Say It Like Dat)
65%
Ctrl Wavy
65%
Ctrl Anything
61%
Z Babylon
56%
Z Childs Play
56%
Z Sweet November
48%
Z Julia
47%
Z Warm Winds
43%
Z HiiiJack
42%
Z Omega
42%
Z Ur
41%
Z Green Mile
39%
Z Shattered Ring
38%
No matching quizzes found
Score Distribution
Percent of People with Each Score
Percentile by Number Answered
Your Score History
You have not taken this quiz